| 000 | 00958cam a22002653a 4500 | ||
|---|---|---|---|
| 001 | 13169 | ||
| 003 | PGUSA | ||
| 005 | 20140828083302.0 | ||
| 008 | 040813s2004||||xxu|||||s|||||000 e eng d | ||
| 040 |
_aPGUSA _beng |
||
| 042 | _adc | ||
| 050 | 4 | _aPR | |
| 100 | 1 |
_aSwift, Jonathan, _d1667-1745 |
|
| 245 | 1 | 4 |
_aThe Prose Works of Jonathan Swift, D.D. — Volume 09 : _bContributions to The Tatler, The Examiner, The Spectator, and The Intelligencer _h[electronic resource] / _cJonathan Swift |
| 260 |
_bProject Gutenberg, _c2004 |
||
| 500 | _aIncludes contributions to The Tatler, The Examiner, The Spectator, and The Intelligencer | ||
| 506 | _aPublic domain in the USA. | ||
| 516 | _aElectronic text | ||
| 653 | _aEnglish prose literature -- 18th century | ||
| 653 | _aEnglish essays -- 18th century | ||
| 700 | 1 |
_aScott, Temple, _d1864-1939 |
|
| 830 | 0 |
_aProject Gutenberg _v13169 |
|
| 856 | 4 | 0 | _uhttp://www.gutenberg.org/ebooks/13169 |
| 942 | _cEB | ||
| 999 |
_c242424 _d242424 |
||